000
00291nam a2200109Ia 4500
001
588669
005
20250717120836.0
008
250717s9999 xx 000 0 und d
245
0
_a
Y-2 TEMBEL HAYVANLAR FELSEFE YAPARSA
_c
JENNİFER MCCARTNEY
260
_b
ORENDA YAYINLARI
_c
2018
300
_b
322
999
_c
588669
_d
588669